00322pam a2200121 a 4500020000500000041000500005082001200010100004700022245006900069250000900138260004500147300000800192 c h a658.155 aKNIGHT (John) / SATCHELL (Stephen)eauthor aForecasting Volatility in the Financial MarkethTextual Document a2nd  bButter Worth and Heine Man London,c2002 a407